[Event "Berlin-ch Seniors op 37th"]
[Site "Berlin"]
[Date "2021.06.10"]
[Round "3"]
[White "Wahner, Eberhard"]
[Black "Schindler, Rudolf"]
[Result "1-0"]
[WhiteElo "1584"]
[BlackElo "1761"]
[PlyCount "69"]
[EventDate "2021.06.08"]
[EventType "swiss"]
[EventRounds "9"]
[EventCountry "GER"]
[SourceTitle "EXT 2022"]
[Source "ChessBase"]
[SourceDate "2021.10.06"]
[SourceVersion "1"]
[SourceVersionDate "2021.10.06"]
[SourceQuality "1"]

1. c4 e5 2. Nc3 Nf6 3. g3 Be7 4. Bg2 d6 5. d3 Nbd7 6. Nf3 c6 7. 0-0 Nf8 8. e4 Ng6 9. Be3 Bd7 10. d4 Qc8 11. dxe5 dxe5 12. Bg5 Bh3 13. Bxf6 Bxf6 14. Qd6 Be7 15. Qd1 Bxg2 16. Kxg2 Qg4 17. Kh1 h5 18. Rg1 Qe6 19. b3 Rd8 20. Qe2 h4 21. Nd1 hxg3 22. fxg3 Nf8 23. Ne3 g6 24. Raf1 Kd7 25. Rd1+ Kc7 26. Rxd8 Bxd8 27. Rd1 Nd7 28. Qd2 Nc5 29. Qa5+ b6 30. Qxa7+ Nb7 31. Nd5+ cxd5 32. cxd5 Qg4 33. d6+ Kc8 34. Qa8+ Kd7 35. Nxe5+ 1-0

[Event "Berlin Lichtenberger op 18th"]
[Site "Berlin"]
[Date "2019.08.19"]
[Round "3"]
[White "Schindler, Rudolf"]
[Black "Rogozenco, Teodora Nana"]
[Result "1/2-1/2"]
[WhiteElo "1780"]
[BlackElo "1974"]
[PlyCount "109"]
[EventDate "2019.08.17"]
[EventType "swiss"]
[EventRounds "9"]
[EventCountry "GER"]
[SourceTitle "EXT 2020"]
[Source "ChessBase"]
[SourceDate "2019.10.17"]
[SourceVersion "1"]
[SourceVersionDate "2019.10.17"]
[SourceQuality "1"]

1. e4 d6 2. Nf3 Nf6 3. d3 e5 4. Be2 Be7 5. 0-0 0-0 6. c3 c5 7. Nbd2 Nc6 8. a4 d5 9. Qc2 b6 10. Re1 Re8 11. Nf1 Bb7 12. Ng3 Bf8 13. h3 g6 14. Bf1 Bg7 15. Bd2 Qd7 16. Rad1 Rad8 17. Bc1 Qc8 18. Bg5 h6 19. Bd2 Qa8 20. Qc1 Kh7 21. Qc2 Bc8 22. Be2 Be6 23. Ra1 Qb8 24. Bd1 dxe4 25. dxe4 Na5 26. Qc1 c4 27. Be3 Nd7 28. h4 Nc5 29. Bxc5 bxc5 30. Qc2 Nb3 31. Ra3 Rd6 32. h5 Red8 33. hxg6+ fxg6 34. Nf1 R8d7 35. Qb1 Bg4 36. Ng5+ hxg5 37. Bxg4 Rb7 38. Rd1 Rbb6 39. a5 Rb5 40. a6 Rdb6 41. Ne3 Na5 42. Rxa5 Rxa5 43. Nxc4 Rbxa6 44. Qd3 Rf6 45. f3 Ra2 46. Kf2 Rxb2+ 47. Nxb2 Qxb2+ 48. Kg3 Qb3 49. Rb1 Qf7 50. c4 Rb6 51. Rh1+ Kg8 52. Qd8+ Qf8 53. Qd5+ Qf7 54. Qd8+ Qf8 55. Qd5+ 1/2-1/2

[Event "Berlin Lichtenberger op 17th"]
[Site "Berlin"]
[Date "2018.08.22"]
[Round "5"]
[White "Schindler, Rudolf"]
[Black "Schiller, Stephan"]
[Result "1-0"]
[WhiteElo "1835"]
[BlackElo "1604"]
[PlyCount "101"]
[EventDate "2018.08.18"]
[EventType "swiss"]
[EventRounds "9"]
[EventCountry "GER"]
[SourceTitle "CBM 186 Extra"]
[Source "ChessBase"]
[SourceDate "2018.08.24"]
[SourceVersion "1"]
[SourceVersionDate "2018.08.24"]
[SourceQuality "1"]

1. Nf3 d5 2. c4 c6 3. e3 Nf6 4. Be2 Nbd7 5. 0-0 e5 6. cxd5 Nxd5 7. Nc3 Bd6 8. d4 Nxc3 9. bxc3 e4 10. Nd2 Qh4 11. f4 Qe7 12. Nc4 Bc7 13. Ba3 c5 14. d5 Qf6 15. d6 Bd8 16. Qd5 0-0 17. Qxe4 Nb6 18. Bxc5 Bd7 19. Ne5 Bf5 20. Qxb7 Rc8 21. Bb4 a5 22. Bxa5 Qxd6 23. Bb4 Qd2 24. Rf2 Qxe3 25. Bxf8 Rc7 26. Qb8 Rc8 27. Qd6 Bc7 28. Qc5 Qd2 29. Bd3 Bxe5 30. Qxe5 Qxc3 31. Qxc3 Rxc3 32. Bxf5 Kxf8 33. Re2 g6 34. Be4 Rc4 35. g3 Nd7 36. Bf3 Rc3 37. Kf2 Nc5 38. a4 Ne6 39. Rxe6 fxe6 40. a5 Rc7 41. a6 Ra7 42. Bb7 Ke7 43. Rd1 h6 44. Ke3 g5 45. fxg5 hxg5 46. h4 Kf6 47. h5 e5 48. Ke4 g4 49. Rf1+ Kg5 50. Kxe5 Kxh5 51. Kf6 1-0

[Event "Berlin Lichtenberger op 17th"]
[Site "Berlin"]
[Date "2018.08.21"]
[Round "4"]
[White "Koerber, Bernhard"]
[Black "Schindler, Rudolf"]
[Result "0-1"]
[WhiteElo "1552"]
[BlackElo "1835"]
[PlyCount "118"]
[EventDate "2018.08.18"]
[EventType "swiss"]
[EventRounds "9"]
[EventCountry "GER"]
[SourceTitle "CBM 186 Extra"]
[Source "ChessBase"]
[SourceDate "2018.08.24"]
[SourceVersion "1"]
[SourceVersionDate "2018.08.24"]
[SourceQuality "1"]

1. e4 d6 2. d4 Nf6 3. Nc3 e5 4. Nf3 Nbd7 5. Bc4 Be7 6. 0-0 0-0 7. Be3 c6 8. a4 a5 9. d5 Nb6 10. Bb3 Bg4 11. h3 Bh5 12. g4 Bg6 13. Qd3 Nbxd5 14. Nxd5 cxd5 15. Bxd5 Nxd5 16. Qxd5 Qc7 17. c4 Qc6 18. Qxc6 bxc6 19. Nd2 Rfb8 20. b3 f6 21. Rab1 d5 22. f3 Bb4 23. Rfd1 d4 24. Bf2 Bxd2 25. Rxd2 Rb4 26. Be1 Bf7 27. Rdb2 Rb7 28. Kf2 c5 29. Ke2 g6 30. Kd3 Kf8 31. Rg2 Rab8 32. Rgb2 Ra8 33. Rg2 Be6 34. Bg3 Rab8 35. Rgb2 g5 36. Be1 Ra7 37. Rh2 Bd7 38. Rhb2 Kg7 39. Bd2 Rh8 40. Rh1 h5 41. Rbb1 h4 42. Rb2 Rb8 43. Rhb1 Kf7 44. Be1 Ke6 45. Bd2 Kd6 46. Be1 Kc6 47. Bd2 Kb6 48. b4 cxb4 49. Bxb4 Kc6 50. Be7 Rxb2 51. Rxb2 Bxg4 52. fxg4 Rxe7 53. Rb5 Ra7 54. Kc2 Ra6 55. Kd3 Ra8 56. Kd2 Ra7 57. Kd3 Rb7 58. Rxb7 Kxb7 59. c5 Kc7 0-1

[Event "Berlin Lichtenberger op 17th"]
[Site "Berlin"]
[Date "2018.08.20"]
[Round "3"]
[White "Schindler, Rudolf"]
[Black "Mueller, Joerg Rene"]
[Result "0-1"]
[WhiteElo "1835"]
[BlackElo "1547"]
[PlyCount "148"]
[EventDate "2018.08.18"]
[EventType "swiss"]
[EventRounds "9"]
[EventCountry "GER"]
[SourceTitle "CBM 186 Extra"]
[Source "ChessBase"]
[SourceDate "2018.08.24"]
[SourceVersion "1"]
[SourceVersionDate "2018.08.24"]
[SourceQuality "1"]

1. Nf3 e6 2. b3 b5 3. Bb2 Bb7 4. e3 a6 5. c4 c6 6. Qc2 Nf6 7. Be2 d6 8. d4 Nbd7 9. Nbd2 Be7 10. Rc1 Qb6 11. 0-0 h6 12. e4 Rc8 13. Qb1 b4 14. e5 dxe5 15. dxe5 Nh7 16. c5 Bxc5 17. Nc4 Qc7 18. Nfd2 Be7 19. Ne4 0-0 20. Ned6 Rb8 21. Nxb7 Rxb7 22. g3 Nb6 23. Na5 c5 24. Nxb7 Qxb7 25. f4 Rd8 26. Bf3 Qc7 27. Be4 Nf8 28. Rcd1 c4 29. Rxd8 Bxd8 30. bxc4 Nxc4 31. Bc1 Qb6+ 32. Kh1 a5 33. Qd3 Qc7 34. Rd1 Be7 35. Qc2 Qc8 36. h3 Qa6 37. Kh2 Na3 38. Qg2 Nb5 39. Be3 Nc3 40. Bd3 Qc8 41. Re1 Nd7 42. Qc2 Nc5 43. Bf1 Qd7 44. a3 N5e4 45. axb4 Bxb4 46. Ra1 g6 47. Bd3 Kg7 48. Rf1 Nd5 49. Bf2 Nec3 50. Bd4 h5 51. f5 Qa4 52. f6+ Kh7 53. Qf2 Qa2 54. Bc2 Qc4 55. g4 Qe2 56. gxh5 Qxh5 57. Re1 Nb5 58. Re4 Kg8 59. Bb2 Nbc3 60. Re1 Na4 61. Bxa4 Bxe1 62. Qxe1 Nf4 63. Qf1 Nd5 64. Qd1 Qf5 65. Qd2 Nf4 66. Qe3 Nd5 67. Qg3 Qe4 68. Bb3 Nf4 69. Bd1 Nd5 70. Qf3 Qb4 71. Qf2 a4 72. Qd4 Qe1 73. Bf3 Ne3 74. Bc3 Qf2+ 0-1

[Event "Berlin Lichtenberger op 17th"]
[Site "Berlin"]
[Date "2018.08.19"]
[Round "2"]
[White "Wilke, Hans Peter"]
[Black "Schindler, Rudolf"]
[Result "1/2-1/2"]
[WhiteElo "1515"]
[BlackElo "1835"]
[PlyCount "63"]
[EventDate "2018.08.18"]
[EventType "swiss"]
[EventRounds "9"]
[EventCountry "GER"]
[SourceTitle "CBM 186 Extra"]
[Source "ChessBase"]
[SourceDate "2018.08.24"]
[SourceVersion "1"]
[SourceVersionDate "2018.08.24"]
[SourceQuality "1"]

1. d4 d5 2. Nf3 Nf6 3. Bf4 e6 4. e3 Be7 5. Nbd2 Nbd7 6. c3 Nh5 7. Bg3 Nxg3 8. hxg3 Nf6 9. Bd3 Qd6 10. Ne5 Nd7 11. Ndf3 Nxe5 12. Nxe5 Bf6 13. f4 Bxe5 14. fxe5 Qe7 15. Qg4 g6 16. 0-0-0 Bd7 17. Rh6 0-0-0 18. Rdh1 Kb8 19. Rxh7 Rxh7 20. Rxh7 Qf8 21. Qf4 Be8 22. Bxg6 f5 23. Bxe8 Rxe8 24. Kc2 Qg8 25. Rh4 b6 26. g4 fxg4 27. Qxg4 Qf7 28. Qf4 Qg6+ 29. Kb3 Qd3 30. a3 Qc4+ 31. Kc2 Qe2+ 32. Kb3 1/2-1/2

[Event "Berlin Lichtenberger op 13th"]
[Site "Berlin"]
[Date "2014.08.21"]
[Round "6"]
[White "Kapr, Klaus"]
[Black "Schindler, Rudolf"]
[Result "1-0"]
[WhiteElo "2069"]
[BlackElo "1846"]
[PlyCount "93"]
[EventDate "2014.08.16"]
[EventType "swiss"]
[EventRounds "9"]
[EventCountry "GER"]
[SourceTitle "CBM 161 Extra"]
[Source "ChessBase"]
[SourceDate "2014.08.29"]
[SourceVersion "1"]
[SourceVersionDate "2014.08.29"]
[SourceQuality "1"]

1. e4 d6 2. d4 Nf6 3. Nc3 e5 4. Nf3 Nbd7 5. Be2 c6 6. 0-0 Be7 7. h3 0-0 8. Be3 Re8 9. Qd2 Qc7 10. a4 exd4 11. Nxd4 Nc5 12. f3 a5 13. Rad1 Nh5 14. Qe1 d5 15. f4 g6 16. Bxh5 gxh5 17. exd5 Bf6 18. Qg3+ Kh8 19. Qf3 Qe7 20. Rfe1 Bd7 21. dxc6 bxc6 22. Nxc6 Bxc6 23. Qxc6 Rac8 24. Qb5 Qf8 25. Qxa5 h6 26. Qb5 Qg7 27. Bxc5 Rxe1+ 28. Rxe1 Rxc5 29. Re8+ Kh7 30. Qd3+ Qg6 31. Ne4 Rf5 32. Nxf6+ Rxf6 33. Qxg6+ Kxg6 34. Re4 Rd6 35. c3 Kf5 36. Rd4 Rg6 37. Kf2 h4 38. a5 Ra6 39. b4 Ke6 40. c4 f6 41. Kf3 f5 42. Rd5 Ra8 43. g4 hxg3 44. Kxg3 Rg8+ 45. Kh4 h5 46. a6 Ra8 47. Ra5 1-0

[Event "Berlin Lichtenberger op 13th"]
[Site "Berlin"]
[Date "2014.08.19"]
[Round "4"]
[White "Steiner, Wolfram"]
[Black "Schindler, Rudolf"]
[Result "1-0"]
[WhiteElo "1995"]
[BlackElo "1846"]
[PlyCount "97"]
[EventDate "2014.08.16"]
[EventType "swiss"]
[EventRounds "9"]
[EventCountry "GER"]
[SourceTitle "CBM 161 Extra"]
[Source "ChessBase"]
[SourceDate "2014.08.29"]
[SourceVersion "1"]
[SourceVersionDate "2014.08.29"]
[SourceQuality "1"]

1. d4 Nf6 2. c4 e5 3. dxe5 Ne4 4. Nf3 b6 5. Qd5 Bb7 6. Qxb7 Nc6 7. Nc3 Bb4 8. Bd2 Bxc3 9. Bxc3 Nc5 10. Qxa8 Qxa8 11. g3 Ne4 12. e6 Nxc3 13. exd7+ Kxd7 14. bxc3 Ke7 15. Bg2 Qe8 16. 0-0 Kf6 17. h4 h6 18. Rad1 Qe7 19. Nh2 Nd8 20. Rd4 Ne6 21. Ng4+ Kg6 22. Ne5+ Kh7 23. Rd7 Qf6 24. Be4+ Kg8 25. Ng4 Qxc3 26. Rfd1 Kf8 27. Ne3 Qe5 28. Bf5 g6 29. Bxe6 Qxe6 30. Rxc7 Kg7 31. Rxa7 h5 32. Rdd7 Rf8 33. a4 Qe4 34. Re7 Qb1+ 35. Kg2 Qb2 36. a5 bxa5 37. Rxa5 Qf6 38. Raa7 Qd6 39. f3 Kg8 40. Kf2 Kg7 41. Rec7 Qf6 42. c5 g5 43. hxg5 Qxg5 44. Ng2 Qf6 45. Nf4 Kh6 46. Re7 Kh7 47. Ne6 Kg8 48. Nxf8 Kxf8 49. Rxf7+ 1-0

[Event "Berlin Lichtenberger op 13th"]
[Site "Berlin"]
[Date "2014.08.17"]
[Round "2"]
[White "Leyrer, Edgar"]
[Black "Schindler, Rudolf"]
[Result "1/2-1/2"]
[WhiteElo "1610"]
[BlackElo "1846"]
[PlyCount "69"]
[EventDate "2014.08.16"]
[EventType "swiss"]
[EventRounds "9"]
[EventCountry "GER"]
[SourceTitle "CBM 161 Extra"]
[Source "ChessBase"]
[SourceDate "2014.08.29"]
[SourceVersion "1"]
[SourceVersionDate "2014.08.29"]
[SourceQuality "1"]

1. d4 d5 2. c4 c6 3. Nc3 Nf6 4. cxd5 cxd5 5. Nf3 Nc6 6. Bg5 e6 7. e3 Be7 8. Bd3 h6 9. Bxf6 Bxf6 10. 0-0 0-0 11. Qb3 b6 12. Rac1 Bb7 13. Rfe1 Rc8 14. a3 Na5 15. Qa2 Nc4 16. b3 Nd6 17. Rc2 Re8 18. Rec1 Ne4 19. Qb2 Nd6 20. Ne5 a6 21. Ne2 Qe7 22. Ng3 Bxe5 23. dxe5 Rxc2 24. Rxc2 Nf5 25. Nxf5 exf5 26. f4 Qd7 27. Qd4 b5 28. b4 g6 29. Rc5 Re7 30. Kf2 Ba8 31. Bc2 Qb7 32. Bb3 Rd7 33. Bd1 Rd8 34. Bf3 Qd7 35. h3 1/2-1/2

[Event "Zehlendorf op 14th"]
[Site "Berlin"]
[Date "2014.05.15"]
[Round "2"]
[White "Schindler, Rudolf"]
[Black "Jurkatis, Hagen"]
[Result "0-1"]
[WhiteElo "1838"]
[BlackElo "2073"]
[PlyCount "132"]
[EventDate "2014.05.08"]
[EventType "swiss"]
[EventRounds "7"]
[EventCountry "GER"]
[SourceTitle "EXT 2023"]
[Source "ChessBase"]
[SourceDate "2022.10.05"]
[SourceVersion "1"]
[SourceVersionDate "2022.10.05"]
[SourceQuality "1"]

1. Nf3 f5 2. b3 Nf6 3. g3 e6 4. Bg2 Be7 5. 0-0 0-0 6. c4 a5 7. Nc3 d5 8. d3 c6 9. Bb2 Na6 10. cxd5 exd5 11. e3 Nc5 12. Ba3 Bd6 13. Ne2 Qe7 14. d4 Nce4 15. Bxd6 Qxd6 16. h3 Bd7 17. Ne5 a4 18. Qc2 axb3 19. axb3 Ra3 20. Nd3 Rfa8 21. Rxa3 Rxa3 22. Qb2 Ra7 23. b4 Qb8 24. Ra1 Qa8 25. Rxa7 Qxa7 26. Nc5 Bc8 27. f3 Nd6 28. Kf2 b6 29. Nb3 Qa4 30. Nd2 Nc4 31. Nxc4 dxc4 32. e4 fxe4 33. fxe4 Qa7 34. b5 Qf7 35. Kg1 cxb5 36. Nc3 Qh5 37. Qxb5 Qxb5 38. Nxb5 Bb7 39. Nc3 Kf8 40. e5 Bxg2 41. Kxg2 Ne8 42. d5 Nc7 43. Kf2 Ke8 44. Ke3 Kd8 45. Kd2 Kd7 46. Kc1 Ne6 47. Nb5 Nc5 48. e6+ Ke7 49. Kc2 Ne4 50. Kb2 Nf6 51. Kc3 Nxd5+ 52. Kxc4 Kxe6 53. Nd4+ Ke5 54. Nf3+ Kd6 55. Nd4 g6 56. Nf3 Nf6 57. Nd2 Kc6 58. g4 b5+ 59. Kd4 Kd6 60. g5 Nd7 61. Ne4+ Ke6 62. h4 Kf5 63. Nd6+ Kg4 64. Nxb5 Kxh4 65. Kd5 Kxg5 66. Nd4 Nf6+ 0-1

[Event "Zehlendorf op 14th"]
[Site "Berlin"]
[Date "2014.05.08"]
[Round "1"]
[White "Lippianowski, Stefan"]
[Black "Schindler, Rudolf"]
[Result "0-1"]
[WhiteElo "1221"]
[BlackElo "1838"]
[PlyCount "66"]
[EventDate "2014.05.08"]
[EventType "swiss"]
[EventRounds "7"]
[EventCountry "GER"]
[SourceTitle "EXT 2023"]
[Source "ChessBase"]
[SourceDate "2022.10.05"]
[SourceVersion "1"]
[SourceVersionDate "2022.10.05"]
[SourceQuality "1"]

1. d4 Nf6 2. Nc3 d5 3. h3 e6 4. Nf3 Nbd7 5. Ne5 Nxe5 6. dxe5 Nd7 7. e4 c6 8. Be3 Nxe5 9. exd5 exd5 10. Bd4 Ng6 11. Qe2+ Be6 12. 0-0-0 Qa5 13. Be5 Qd8 14. Rd4 Nxe5 15. Qxe5 Qf6 16. Qe3 Bc5 17. Ne2 0-0 18. Qd3 Bxd4 19. Qxd4 Qxd4 20. Nxd4 Bd7 21. g4 g6 22. f4 a6 23. Rg1 c5 24. Nf3 f6 25. Be2 Rfe8 26. Bd1 Kf8 27. c3 Re4 28. f5 Rae8 29. Bc2 Re3 30. Rf1 g5 31. a3 Bc6 32. Ng1 Re1+ 33. Rxe1 Rxe1+ 0-1

[Event "Berlin Werner Ott op"]
[Site "Berlin"]
[Date "2013.07.06"]
[Round "1"]
[White "Schindler, Rudolf"]
[Black "Rabiega, Robert"]
[Result "0-1"]
[WhiteElo "1867"]
[BlackElo "2502"]
[PlyCount "56"]
[EventDate "2013.07.06"]
[EventType "swiss"]
[EventRounds "9"]
[EventCountry "GER"]
[SourceTitle "CBM 155 Extra"]
[Source "ChessBase"]
[SourceDate "2013.08.26"]
[SourceVersion "1"]
[SourceVersionDate "2013.08.26"]
[SourceQuality "1"]

1. Nf3 d5 2. g3 Bg4 3. h3 Bh5 4. Bg2 Nd7 5. Nc3 c6 6. d4 Ngf6 7. g4 Bg6 8. Nh4 e6 9. Nxg6 hxg6 10. Bg5 Qc7 11. e3 Bd6 12. e4 dxe4 13. Nxe4 Nxe4 14. Bxe4 Bf4 15. Bxf4 Qxf4 16. Qf3 Qxf3 17. Bxf3 g5 18. c4 0-0-0 19. 0-0-0 Rh6 20. Bg2 Rf6 21. Rd2 Rf4 22. Rhd1 a5 23. b3 a4 24. Rc2 Kc7 25. Rd3 axb3 26. axb3 Nc5 27. Rf3 Rxf3 28. Bxf3 Nxb3+ 0-1

[Event "Berlin-ch Seniors op 27th"]
[Site "Berlin"]
[Date "2011.02.04"]
[Round "7"]
[White "Alder, Bodo"]
[Black "Schindler, Rudolf"]
[Result "1-0"]
[WhiteElo "1957"]
[BlackElo "1805"]
[PlyCount "83"]
[EventDate "2011.01.29"]
[EventType "swiss"]
[EventRounds "9"]
[EventCountry "GER"]
[SourceTitle "EXT 2012"]
[Source "ChessBase"]
[SourceDate "2011.11.24"]
[SourceVersion "1"]
[SourceVersionDate "2011.11.24"]
[SourceQuality "1"]

1. e4 d6 2. Nf3 Nf6 3. d3 Nbd7 4. Be2 e5 5. c3 Be7 6. Nbd2 0-0 7. Nf1 d5 8. Qc2 Re8 9. Ng3 c6 10. 0-0 g6 11. h3 Bf8 12. Bg5 Bg7 13. b4 Nf8 14. Rfe1 Ne6 15. Be3 d4 16. cxd4 Nxd4 17. Nxd4 exd4 18. Bg5 h6 19. Bd2 Qb6 20. a4 a6 21. Kh1 Be6 22. f4 Qc7 23. Bf3 Rac8 24. Rac1 Kh7 25. Ne2 Qd7 26. Ng1 h5 27. Qd1 Rh8 28. Qe2 Kg8 29. Qf1 Bg4 30. Ne2 Be6 31. Ng1 Ng4 32. Qe2 Bb3 33. a5 Ba4 34. Rc4 Bb5 35. Rc5 Bxd3 36. Bxg4 Bxe2 37. Bxd7 Rc7 38. Rxe2 d3 39. Re1 Bd4 40. Bf5 Bf2 41. Nf3 Bxe1 42. Bxe1 1-0

[Event "Berlin-ch Seniors op 27th"]
[Site "Berlin"]
[Date "2011.02.02"]
[Round "5"]
[White "Schindler, Rudolf"]
[Black "Weigelt, Reinhard"]
[Result "0-1"]
[WhiteElo "1805"]
[BlackElo "1860"]
[PlyCount "70"]
[EventDate "2011.01.29"]
[EventType "swiss"]
[EventRounds "9"]
[EventCountry "GER"]
[SourceTitle "EXT 2012"]
[Source "ChessBase"]
[SourceDate "2011.11.24"]
[SourceVersion "1"]
[SourceVersionDate "2011.11.24"]
[SourceQuality "1"]

1. Nf3 d5 2. b3 Nc6 3. e3 e5 4. Bb2 e4 5. Nd4 Nxd4 6. Bxd4 Nf6 7. Be2 Bd6 8. Bb2 0-0 9. 0-0 c6 10. f4 exf3 11. Bxf3 Qc7 12. h3 Ne4 13. Bxe4 dxe4 14. Qh5 f5 15. Nc3 Be5 16. g4 g6 17. Qh6 Be6 18. gxf5 Bxf5 19. Na4 Bxb2 20. Nxb2 Qg3+ 21. Kh1 Bxh3 22. Rg1 Qf3+ 23. Kh2 Rf5 24. Rg5 Bf1 25. Nc4 Rd8 26. d4 exd3 27. cxd3 Rxd3 28. Rc1 Qf2+ 29. Kh1 Rdd5 30. Rxg6+ hxg6 31. Qxg6+ Kf8 32. Qh6+ Ke7 33. Qh7+ Rf7 34. Qe4+ Kf8 35. Qg6 Rh5+ 0-1

[Event "Berlin-ch Seniors op 25th"]
[Site "Berlin"]
[Date "2009.02.20"]
[Round "9"]
[White "Schindler, Rudolf"]
[Black "Pilz, Joachim"]
[Result "0-1"]
[WhiteElo "1817"]
[BlackElo "1635"]
[PlyCount "80"]
[EventDate "2009.02.12"]
[EventType "swiss"]
[EventRounds "9"]
[EventCountry "GER"]
[SourceTitle "EXT 2022"]
[Source "ChessBase"]
[SourceDate "2021.10.06"]
[SourceVersion "1"]
[SourceVersionDate "2021.10.06"]
[SourceQuality "1"]

1. e4 c5 2. Nf3 e6 3. Qe2 Nc6 4. d3 d6 5. g3 Be7 6. Bg2 Nf6 7. 0-0 0-0 8. Re1 Qc7 9. Nbd2 Bd7 10. Nf1 Rac8 11. h4 Nd4 12. Qd1 h6 13. N3h2 b5 14. c3 Nc6 15. Ne3 e5 16. Nf5 Bxf5 17. exf5 Rfe8 18. g4 Nh7 19. Nf3 Qd8 20. d4 cxd4 21. cxd4 Bf6 22. dxe5 Nxe5 23. Nxe5 Bxe5 24. Rxe5 dxe5 25. Qxd8 Rexd8 26. Be3 Rc7 27. b4 Nf6 28. Bf3 e4 29. Be2 a6 30. Bb6 Rdc8 31. Bxc7 Rxc7 32. a4 Kf8 33. axb5 axb5 34. Bxb5 Nd5 35. Ra8+ Ke7 36. g5 hxg5 37. hxg5 Nxb4 38. f6+ gxf6 39. gxf6+ Kxf6 40. Rb8 Ke5 0-1

[Event "Berlin-ch Seniors op 25th"]
[Site "Berlin"]
[Date "2009.02.19"]
[Round "8"]
[White "Muenster, Heinz Juergen"]
[Black "Schindler, Rudolf"]
[Result "0-1"]
[WhiteElo "1618"]
[BlackElo "1817"]
[PlyCount "124"]
[EventDate "2009.02.12"]
[EventType "swiss"]
[EventRounds "9"]
[EventCountry "GER"]
[SourceTitle "EXT 2022"]
[Source "ChessBase"]
[SourceDate "2021.10.06"]
[SourceVersion "1"]
[SourceVersionDate "2021.10.06"]
[SourceQuality "1"]

1. d4 d5 2. c4 c6 3. Nc3 Nf6 4. Bg5 e6 5. e3 Be7 6. Nf3 a6 7. Rc1 0-0 8. cxd5 cxd5 9. Bd3 Nbd7 10. 0-0 b5 11. a3 Bb7 12. Bb1 Rc8 13. Qb3 h6 14. Bh4 Re8 15. Nd2 Nf8 16. Ne2 Qd7 17. Rxc8 Rxc8 18. Nc3 Ne8 19. Bxe7 Qxe7 20. h3 Nd6 21. Nf3 Nc4 22. Rd1 Qc7 23. Bd3 Nd7 24. Be2 Qd6 25. Na2 Qb6 26. Nc3 Qa5 27. Na2 Qd8 28. a4 Bc6 29. axb5 Bxb5 30. Nc3 Na5 31. Qc2 Bc4 32. Bxc4 Nxc4 33. Nd2 Qc7 34. Ndb1 Qb7 35. b3 Nd6 36. Qa2 Rc6 37. f3 Nb8 38. Rc1 Rb6 39. Nd2 Nf5 40. Kf2 Qe7 41. Nd1 Qh4+ 42. Ke2 Ng3+ 43. Kd3 Nc6 44. Rxc6 Rxc6 45. Qa4 Rc8 46. Qxa6 Qd8 47. Nc3 Qc7 48. Ndb1 g6 49. Qa2 h5 50. h4 Qd8 51. Qf2 Qxh4 52. e4 dxe4+ 53. fxe4 Qg4 54. Nd2 h4 55. Kc2 f5 56. Qf3 Qg5 57. exf5 gxf5 58. Qb7 Re8 59. Qd7 Qg6 60. Kb2 Nh5 61. Qc6 Nf4 62. Qf3 Nxg2 0-1

[Event "Berlin-ch Seniors op 25th"]
[Site "Berlin"]
[Date "2009.02.16"]
[Round "5"]
[White "Schindler, Rudolf"]
[Black "Nietsch, Horst"]
[Result "0-1"]
[WhiteElo "1817"]
[BlackElo "2013"]
[PlyCount "90"]
[EventDate "2009.02.12"]
[EventType "swiss"]
[EventRounds "9"]
[EventCountry "GER"]
[SourceTitle "EXT 2022"]
[Source "ChessBase"]
[SourceDate "2021.10.06"]
[SourceVersion "1"]
[SourceVersionDate "2021.10.06"]
[SourceQuality "1"]

1. e4 g6 2. d4 Bg7 3. Nf3 c6 4. Bd3 d6 5. c3 e5 6. dxe5 dxe5 7. Qc2 Ne7 8. Bg5 h6 9. Bxe7 Qxe7 10. Nbd2 Be6 11. Nc4 Nd7 12. b4 b6 13. Ne3 0-0 14. a3 Rfd8 15. 0-0 Nf8 16. Bc4 b5 17. Bxe6 Nxe6 18. g3 h5 19. Rad1 Bh6 20. h4 a5 21. Rxd8+ Rxd8 22. Rd1 Ra8 23. a4 Nc7 24. bxa5 Rxa5 25. axb5 Nxb5 26. Nc4 Ra7 27. Nb6 Rb7 28. Na4 Ra7 29. Nb6 Rb7 30. Na4 Kg7 31. Qd3 Qa3 32. Qc4 Ra7 33. Nb6 Qxc3 34. Kg2 Rb7 35. Rc1 Qa5 36. Na4 Ra7 37. Nc5 Nd4 38. Rb1 Qa3 39. Nxd4 exd4 40. Rb3 Qa2 41. Qd3 Qa5 42. Qc4 Qe1 43. Qf1 Qd2 44. Rb6 Qc3 45. Nd3 Ra3 0-1

[Event "Berlin-ch Seniors op 25th"]
[Site "Berlin"]
[Date "2009.02.14"]
[Round "3"]
[White "Schindler, Rudolf"]
[Black "Petig, Joerg"]
[Result "1-0"]
[WhiteElo "1817"]
[BlackElo "1435"]
[PlyCount "143"]
[EventDate "2009.02.12"]
[EventType "swiss"]
[EventRounds "9"]
[EventCountry "GER"]
[SourceTitle "EXT 2022"]
[Source "ChessBase"]
[SourceDate "2021.10.06"]
[SourceVersion "1"]
[SourceVersionDate "2021.10.06"]
[SourceQuality "1"]

1. e4 c5 2. Nf3 d6 3. Bb5+ Bd7 4. Bxd7+ Nxd7 5. 0-0 Ngf6 6. d3 e6 7. h3 Be7 8. Nbd2 a6 9. a4 0-0 10. Re1 Qc7 11. c3 a5 12. Nc4 Nb6 13. Nxb6 Qxb6 14. Qe2 Nd7 15. Nd2 Qc7 16. Nf3 Bf6 17. Nh2 Ne5 18. f4 Ng6 19. Nf3 Rae8 20. e5 Bh4 21. Nxh4 Nxh4 22. Qf2 Nf5 23. g4 Ne7 24. Be3 b6 25. exd6 Qxd6 26. Rad1 Qc7 27. d4 c4 28. Rf1 Nd5 29. Bc1 Qd7 30. Qc2 Rb8 31. Rde1 Rfe8 32. Rf2 g6 33. Ref1 Rb7 34. f5 Qd6 35. fxg6 hxg6 36. Rf3 e5 37. Bh6 Nf4 38. dxe5 Qc5+ 39. Kh2 Ne6 40. Qe4 Rd7 41. R1f2 Qc7 42. Kg2 Ng7 43. Qf4 Qd8 44. Qxc4 Rd5 45. Re3 Ne6 46. Bf4 Rd2 47. Ree2 Rxe2 48. Rxe2 Kg7 49. Bg3 Qa8+ 50. Kh2 Qb7 51. b4 Ng5 52. Bf4 Nf3+ 53. Kg3 g5 54. Qe4 Qxe4 55. Rxe4 Rc8 56. Kxf3 gxf4 57. bxa5 bxa5 58. e6 Kf8 59. Re5 Rxc3+ 60. Kxf4 Rc4+ 61. Re4 Rc1 62. Ke5 Ke7 63. h4 Rb1 64. g5 Rb4 65. Rxb4 axb4 66. Kd4 b3 67. Kc3 b2 68. Kxb2 Kxe6 69. a5 Kd6 70. a6 Kc7 71. h5 Kb6 72. h6 1-0